000 00391nam a2200157Ia 4500
008 210716s2009 xx 000 0 und d
020 _a9788173714900
041 _aeng
082 _a005.133 GEHN
100 _aGehani, Narain.
245 _aC: an advanced introduction.
250 _a1
260 _aHyderabad
_bUniversities Press
_c2009
300 _axiii,261
650 _aC Programming
999 _c192482
_d192482